Rejestracje woj. łódzkiego - Statystyki

Ogólne statystyki
  • Ten quiz został rozwiązany 455 razy
  • Średni wynik to 8 z 15
Statystyki odpowiedzi
REJESTRACJA POWIAT % Poprawnych
EL Łódź
90%
EBE bełchatowski
66%
EZG zgierski
65%
ESI sieradzki
64%
ETM tomaszowski
63%
EPA pabianicki
62%
EPI piotrkowski
57%
EP Piotrków Trybunalski
54%
EKU kutnowski
50%
ERW rawski
49%
EOP opoczyński
48%
EWI wieluński
48%
ES Skierniewice
47%
ELC łowicki
45%
EWE wieruszowski
32%
Nie znaleziono quizów pasujących do podanych kryteriów
Rozkład punktacji
Procent ludzi z każdym wynikiem
Percentyl według liczby udzielonych odpowiedzi
Twoja historia wyników
Nie rozwiązałeś tego quizu